000 00292nam a22001337a 4500
008 170912b xxu||||| |||| 00| 0 eng d
020 _a9780385242288
041 _aeng
080 _a53
100 _a43
101 _aFIZ
245 _aPHYSICS MADE SIMPLE
_cFREEMAN.I.M
942 _2udc
_cBK
999 _c27269
_d27269